2005年以降の日本プロ野球の本拠地球場名 - Statistics

General Stats
  • This quiz has been taken 411 times
  • The average score is 15 of 31
Answer Stats
Answer % Correct
読売ジャイアンツ 東京ドーム
98%
横浜ベイスターズ / 横浜DeNAベイスターズ 横浜スタジアム
87%
阪神タイガース 阪神甲子園球場
84%
北海道日本ハムファイターズ -2022 札幌ドーム
81%
中日ドラゴンズ -2020 ナゴヤドーム
78%
広島東洋カープ -2008 広島市民球場
69%
東京ヤクルトスワローズ 明治神宮野球場
68%
中日ドラゴンズ 2021- バンテリンドーム ナゴヤ
66%
オリックス・バファローズ 2006- 京セラドーム大阪
65%
千葉ロッテマリーンズ 2017- ZOZOマリンスタジアム
65%
埼玉西武ライオンズ 2022- ベルーナドーム
60%
埼玉西武ライオンズ 2008-2014 西武ドーム
57%
オリックス・バファローズ -2006 大阪ドーム
56%
福岡ソフトバンクホークス 2020- 福岡PayPayドーム
54%
東北楽天ゴールデンイーグルス 2020-2022 楽天生命パーク宮城
46%
福岡ソフトバンクホークス 2013-2019 福岡 ヤフオク!ドーム
46%
北海道日本ハムファイターズ 2023- エスコンフィールドHOKKAIDO
46%
埼玉西武ライオンズ 2017-2021 メットライフドーム
44%
千葉ロッテマリーンズ -2010 千葉マリンスタジアム
43%
東北楽天ゴールデンイーグルス 2023- 楽天モバイルパーク宮城
42%
千葉ロッテマリーンズ 2011-2016 QVCマリンフィールド
37%
広島東洋カープ 2009- MAZDA Zoom-Zoom スタジアム広島
33%
東北楽天ゴールデンイーグルス 2008-2010 クリネックススタジアム宮城
32%
埼玉西武ライオンズ 2015-2016 西武プリンスドーム
28%
福岡ソフトバンクホークス 2005-2012 福岡 Yahoo! JAPANドーム
21%
東北楽天ゴールデンイーグルス 2014-2016 楽天Koboスタジアム宮城
20%
東北楽天ゴールデンイーグルス 2005-2007 フルキャストスタジアム宮城
19%
埼玉西武ライオンズ 2005-2006 インボイスSEIBUドーム
17%
東北楽天ゴールデンイーグルス 2011-2013 日本製紙クリネックススタジアム宮城
16%
東北楽天ゴールデンイーグルス 2017-2019 Koboパーク宮城
16%
埼玉西武ライオンズ 2007 グッドウィルドーム
14%
No matching quizzes found
Score Distribution
Percent of People with Each Score
Percentile by Number Answered
Your Score History
You have not taken this quiz